01899nam a2200217 a 4500008004100000020001800041041000800059092001700067100002200084245002600106250004400132260004100176300002200217500007000239505105600309590005501365655002101420942001301441999001501454952021201469180523e2011 ag ||||gr|||| 000 1 spa d a9789506442149 aspa c808l13sCOO1 aCook, Robin93090 3aLa cura /cRobin Cook a1a ed.bTraducción Eduardo G. Murillo aBuenos Aires:bPlaza & Janes;c2011. a432 p.c23x16 cm. aCook, R. (2011). La cura. (1a ed.). Buenos Aires : Plaza & Janes. aLaurie Montgomery, doctora forense en Nueva york, ha vuelto al trabajo después de una larga licencia por maternidad. Muy preocupada por haber perdido sus habilidades después de dieciocho meses en casa, Laurie dedica el máximo de atención y cuidado a su primera autopsia: un joven japonés que murió en el anden del metro aparentemente por causas naturales y sin ningún documento que lo identifique. En otro momento, Laurie habría firmado el certificado de defunción sin pensarlo dos veces, pero en esta ocasión hay algo que la hace dudar e insiste en revisar todas las grabaciones de las cámaras de seguridad del metro. Descubre que detrás del fallecido se encontraban dos japoneses y uno de ellos se apunto con un paraguas. Además, cuando la policía logra identificar el cadáver, parece aún más probable que fue un asesinato: el fallecido es Satoshi Machito, un prestigioso científico propietario de una patente de células madre pluripotentes, un auténtico tesoro para la industria de la medicina regenerativa.  aProyecto 4to. Donación Lara Victoria, mayo 2018. aLiteratura92917 2ddccLIT c2769d2769 00102ddc4070aBFMbBFMcCRd2018-05-24eDonación Victoria Lara, mayo 2018l9m3o808 13 COOp4280r2024-06-19s2024-05-13tEj. 1w2018-05-24yLITzProyecto 4to libro. Donación Victoria Lara, mayo 2018